Statistics for Manchester United 2007/08 squad

Click here to take the quiz!

General Stats

  • This quiz has been taken 35 times
  • The average score is 15 of 26

Answer Stats

Shirt no.Player% Correct
1Edwin van der Sar
93%
10Wayne Rooney
93%
15Nemanja Vidić
90%
5Rio Ferdinand
90%
7Cristiano Ronaldo
87%
18Paul Scholes
83%
11Ryan Giggs
83%
16Michael Carrick
80%
3Patrice Evra
80%
Alex Ferguson
77%
2Gary Neville
77%
32Carlos Tevez
63%
6Wes Brown
63%
17Nani
60%
22John O'Shea
53%
24Darren Fletcher
50%
4Owen Hargreaves
50%
8Anderson
47%
13Ji-sung Park
43%
9Louis Saha
37%
27Mikaël Silvestre
20%
29Tomasz Kuszczak
20%
12Ben Foster
17%
19Gerard Piqué
17%
28Darron Gibson
7%
21Fangzhuo Dong
3%

Score Distribution

Percentile by Number Answered

Percent of People with Each Score

Your Score History

You have not taken this quiz